Achieving payment from adjudication referrals (Record no. 75705)
[ view plain ]
| 000 -LEADER | |
|---|---|
| fixed length control field | 01012cab a2200169 4500 |
| 001 - CONTROL NUMBER | |
| control field | L130567 |
| 008 - FIXED-LENGTH DATA ELEMENTS--GENERAL INFORMATION | |
| fixed length control field | 050812n2005 000 0 eng u |
| 035 ## - SYSTEM CONTROL NUMBER | |
| System control number | (Sirsi) u130567 |
| 041 ## - LANGUAGE CODE | |
| Language code of text/sound track or separate title | eng |
| 245 ## - TITLE STATEMENT | |
| Title | Achieving payment from adjudication referrals |
| 260 ## - PUBLICATION, DISTRIBUTION, ETC. | |
| Date of publication, distribution, etc. | 2005 |
| 490 ## - SERIES STATEMENT | |
| Series statement | Contract Journal |
| Volume/sequential designation | 429(6536) 3 August 2005, 38(1) |
| 520 ## - SUMMARY, ETC. | |
| Summary, etc. | Discusses the case "Geris Handelsgesellschaft GmbH v Les Construction Industrielles de la Mediterrannee SA" (HC, unreported) which considered the difficulties that may arise when adjudicators fail to decide the overall amount to be paid by one party to the other. The implication from this case is that an adjudication which results in a statement of amounts due on parts of the claims from each party may not be capable of enforcement as a money award. |
| 590 ## - LOCAL NOTE (RLIN) | |
| Local note | IKA160805 |
| 690 ## - LOCAL SUBJECT ADDED ENTRY--TOPICAL TERM (OCLC, RLIN) | |
| Topical term or geographic name as entry element | MANAGEMENT-DISPUTE AVOIDANCE, MANAGEMENT AND RESOLUTION-DISPUTE MANAGEMENT AND RESOLUTION-ALTERNATIVE DISPUTE RESOLUTION-ADJUDICATION-ADJUDICATION AWARDS |
| 942 ## - ADDED ENTRY ELEMENTS (KOHA) | |
| Suppress in OPAC | 0 |
| Withdrawn status | Lost status | Source of classification or shelving scheme | Damaged status | Not for loan | Home library | Current library | Shelving location | Date acquired | Total Checkouts | Full call number | Barcode | Date last seen | Copy number | Price effective from | Koha item type |
|---|---|---|---|---|---|---|---|---|---|---|---|---|---|---|---|
| Dewey Decimal Classification | London | London | Journal article | 12/08/2005 | L130567 | 130567-1001 | 06/08/2019 | 1 | 06/08/2019 | Journal article |